Score 0/20 Timer 04:00
3 Plays Today
Disney Song Missing Word % Correct
Whistle _____ You WorkWhile
95.1%
When You Wish Upon a ____Star
94.7%
A _____ New WorldWhole
94.7%
Be Our _____Guest
90.6%
______ MatataHakuna
90.5%
_____ Got a Friend in MeYou've
90.3%
_______ de VilCruella
88.5%
Part of Your _____World
87.9%
You Can ___!Fly
87.5%
I'll Make a ___ Out of YouMan
87%
Disney Song Missing Word % Correct
I _____ Be Like YouWanna
85.7%
Bibbidi-_______-BooBobbidi
81.2%
______ of the WindColors
78.6%
Once Upon a _____Dream
73.2%
Go the ________Distance
67.1%
Pink _________ On ParadeElephants
54.9%
The _____ of Notre DameBells
40.9%
Bella _____Notte
33.1%
_________ Like MeStrangers
26.4%
Great _______Spirits
9.1%

Today's Daily Dose

Remove Ads.
Support Sporcle.
Get the best of Sporcle when you Go Orange. This ad-free experience offers more features, more stats, and more fun while also helping to support Sporcle. Thank you for becoming a member.

You're not logged in!

Compare scores with friends on all Sporcle quizzes.
OR
Log In

Show Comments

Extras

Top Quizzes Today


Score Distribution

Your Account Isn't Verified!

In order to create a playlist on Sporcle, you need to verify the email address you used during registration. Go to your Sporcle Settings to finish the process.

Report this User

Report this user for behavior that violates our Community Guidelines.

Details: